[Event "Let's Play Chess!"]
[Site "http://www.queenalice.com/game.php?id=1278926"]
[Date "2014.5.5"]
[Round "-"]
[White "killer_of_Apatride2"]
[Black "charles31"]
[Result "1-0"]
[WhiteElo "1685"]
[BlackElo "1837"]

1. d4 d5 2. c4 dxc4 3. Nf3 b5 4. a4 c6 5. axb5 cxb5 6. Nc3 Bd7 7. Ne5 e6 8. e3
f6 9. Qh5+ Ke7 10. Qf7+ Kd6 11. Nxd7 Nxd7 12. Nxb5+ Kd5 13. Ra6 Bb4+ 14. Ke2 Qe7
15. Nc7+ Ke4 16. f3+ Kf5 17. e4# 1-0

[Event "Let's Play Chess!"]
[Site "http://www.queenalice.com/game.php?id=1279125"]
[Date "2014.5.5"]
[Round "-"]
[White "killer_of_Apatride2"]
[Black "paolop69"]
[Result "1-0"]
[WhiteElo "1500"]
[BlackElo "1660"]

1. Nf3 f6 2. e4 Nc6 3. d4 e6 4. Bd3 e5 5. c3 a6 6. O-O d6 7. Na3 b5 8. Nc2 Bg4
9. a4 Nce7 10. axb5 axb5 11. Bxb5+ c6 12. Ba4 Kf7 13. dxe5 dxe5 14. Nxe5+ fxe5
15. Qxg4 Nf6 16. Bb3+ Ke8 17. Qe6 Qc8 18. Rxa8 Qxa8 19. Rd1 Nd5 20. exd5 cxd5
21. Rxd5 Qc8 22. Ba4+ Qc6 23. Bxc6# 1-0

[Event "Let's Play Chess!"]
[Site "http://www.queenalice.com/game.php?id=1279130"]
[Date "2014.5.5"]
[Round "-"]
[White "killer_of_Apatride2"]
[Black "Zefil"]
[Result "1-0"]
[WhiteElo "1775"]
[BlackElo "2001"]

1. e4 e6 2. d4 d5 3. Nc3 Nf6 4. e5 Nfd7 5. f4 c5 6. Nf3 Qb6 7. Be3 cxd4 8. Nxd4
a6 9. a3 Qc7 10. Qg4 Nc6 11. Be2 Nxd4 12. Bxd4 g6 13. Nxd5 exd5 14. e6 Rg8 15.
exd7+ Bxd7 16. Qf3 Bc6 17. Qf2 Bd6 18. O-O-O f5 19. Kb1 Qf7 20. Bb6 Kd7 21. Bf3
Rae8 22. c4 1-0

[Event "Let's Play Chess!"]
[Site "http://www.queenalice.com/game.php?id=1279160"]
[Date "2014.5.5"]
[Round "-"]
[White "killer_of_Apatride2"]
[Black "fantasigno"]
[Result "1-0"]
[WhiteElo "1932"]
[BlackElo "1805"]

1. c4 e5 2. Nc3 Nf6 3. g3 Bc5 4. Nf3 O-O 5. Nxe5 d6 6. Nf3 Ng4 7. d4 Bb4 8. Bg2
Nc6 9. O-O Re8 10. Nd5 Ba5 11. h3 Nf6 12. Bg5 h6 13. Bh4 g5 14. Nxg5 hxg5 15.
Bxg5 Qe7 16. Nxe7+ 1-0

[Event "Let's Play Chess!"]
[Site "http://www.queenalice.com/game.php?id=1279217"]
[Date "2014.5.5"]
[Round "-"]
[White "paolop69"]
[Black "killer_of_Apatride2"]
[Result "0-1"]
[WhiteElo "1683"]
[BlackElo "1593"]

1. e4 Nf6 2. d3 e5 3. Bg5 d5 4. Be2 dxe4 5. dxe4 Qxd1+ 6. Bxd1 Nxe4 7. Be3 Be6
8. f3 Bc5 9. Bxc5 Nxc5 10. b3 Nc6 11. Be2 O-O-O 12. c3 Ne7 13. Nd2 Nd5 14. Rc1
Nf4 15. Ne4 Ncd3+ 16. Bxd3 Nxd3+ 17. Kd1 Nf2+ 18. Kc2 Bf5 19. Ne2 Nxe4 20. fxe4
Bxe4+ 21. Kb2 Rd2+ 22. Ka3 Rxe2 23. Rhe1 Rxe1 24. Rxe1 f5 25. g3 h5 26. h4 Rd8
27. Kb4 Rd3 28. g4 hxg4 29. Kc4 Rh3 30. a4 g3 31. b4 g2 32. Rg1 Rh1 33. Rxg2
Bxg2 0-1

[Event "Let's Play Chess!"]
[Site "http://www.queenalice.com/game.php?id=1280609"]
[Date "2014.5.10"]
[Round "-"]
[White "killer_of_Apatride2"]
[Black "specktro"]
[Result "1-0"]
[WhiteElo "1735"]
[BlackElo "1691"]

1. e4 c5 2. b4 e6 3. bxc5 Bxc5 4. d4 Bb6 5. c3 Ba5 6. Bd3 Nf6 7. Qc2 Nc6 8. Nf3
O-O 9. e5 Nd5 10. Bxh7+ Kh8 11. Ng5 Nxd4 12. Qe4 Nxc3 13. Nxc3 Bxc3+ 14. Kf1
Bxa1 15. Qh4 g6 16. Bg8+ Kg7 17. Qh7# 1-0

[Event "Let's Play Chess!"]
[Site "http://www.queenalice.com/game.php?id=1281523"]
[Date "2014.5.13"]
[Round "-"]
[White "killer_of_Apatride2"]
[Black "ladyofknight"]
[Result "1-0"]
[WhiteElo "1820"]
[BlackElo "1764"]

1. e4 c5 2. d4 cxd4 3. c3 Nf6 4. e5 Nd5 5. cxd4 d6 6. Nf3 Nc6 7. Bc4 Be6 8. Qb3
Ncb4 9. a3 Qa5 10. Bd2 b5 11. Bxd5 Bxd5 12. Qxd5 Nxd5 13. Bxa5 dxe5 14. dxe5 Rc8
15. Nc3 Nxc3 16. Rc1 e6 17. Rxc3 Bc5 18. Ke2 O-O 19. Rhc1 Rc6 20. Rxc5 Rxc5 21.
Rxc5 a6 22. Ng5 h6 23. Ne4 Kh7 24. Rc7 Kg6 25. Bc3 f5 26. Nd6 h5 27. Re7 1-0

[Event "AUTO-ADV-3152"]
[Site "http://www.queenalice.com/game.php?id=1284478"]
[Date "2014.5.27"]
[Round "1"]
[White "FreitasPC"]
[Black "killer_of_Apatride2"]
[Result "0-1"]
[WhiteElo "1759"]
[BlackElo "1886"]

1. d4 Nf6 2. c4 e5 3. d5 Bc5 4. Nc3 d6 5. Qc2 O-O 6. e4 Ng4 7. Nd1 f5 8. Ne3
fxe4 9. Nxg4 Bxg4 10. Be3 Bb4+ 11. Bd2 e3 12. fxe3 Qh4+ 13. g3 Qf6 14. Ne2 Qf2+
15. Kd1 Qxf1+ 16. Rxf1 Rxf1+ 0-1

[Event "AUTO-ADV-3152"]
[Site "http://www.queenalice.com/game.php?id=1284479"]
[Date "2014.5.27"]
[Round "1"]
[White "killer_of_Apatride2"]
[Black "FreitasPC"]
[Result "1-0"]
[WhiteElo "1924"]
[BlackElo "1688"]

1. g4 e5 2. Bg2 d5 3. d4 e4 4. c4 Be6 5. cxd5 Bxd5 6. Nc3 Bb4 7. Nh3 Nc6 8. Nf4
Nge7 9. O-O O-O 10. Nfxd5 Nxd5 11. Nxe4 Be7 12. e3 Nf6 13. Nxf6+ Bxf6 14. Bd2
Qd7 15. Rc1 Nd8 16. h3 c6 17. Qa4 a6 18. Ba5 b5 19. Qc2 Rc8 20. Qf5 Qxf5 21.
gxf5 Nb7 22. Bb4 Rfd8 23. Rxc6 1-0

[Event "AUTO-ADV-3152"]
[Site "http://www.queenalice.com/game.php?id=1284494"]
[Date "2014.5.27"]
[Round "1"]
[White "chessman"]
[Black "killer_of_Apatride2"]
[Result "0-1"]
[WhiteElo "1928"]
[BlackElo "1901"]

1. e4 Nf6 2. Nc3 e5 3. Nf3 Nc6 4. Bc4 Nxe4 5. Bxf7+ Kxf7 6. Nxe4 d5 7. Nc3 e4 8.
Ng1 Bf5 9. d4 exd3 10. cxd3 Nb4 11. d4 Nc2+ 0-1

[Event "AUTO-ADV-3152"]
[Site "http://www.queenalice.com/game.php?id=1284495"]
[Date "2014.5.27"]
[Round "1"]
[White "killer_of_Apatride2"]
[Black "chessman"]
[Result "1-0"]
[WhiteElo "1945"]
[BlackElo "1957"]

1. g3 d5 2. Nf3 Nf6 3. Bg2 e6 4. O-O Bd6 5. d4 O-O 6. c4 dxc4 7. Ne5 Bxe5 8.
dxe5 Nd5 9. Na3 Nb6 10. Be3 Nd5 11. Bc5 Re8 12. e4 Nb6 13. Qc1 Qd7 14. Be3 Qc6
15. f4 Na6 16. Rd1 Nb4 17. Rd4 Nd3 18. Qc3 1-0

[Event "AUTO-ADV-3152"]
[Site "http://www.queenalice.com/game.php?id=1284506"]
[Date "2014.5.27"]
[Round "1"]
[White "killer_of_Apatride2"]
[Black "Capixaba789"]
[Result "1-0"]
[WhiteElo "1866"]
[BlackElo "1819"]

1. b3 d5 2. Bb2 Nc6 3. Nf3 e5 4. Nxe5 Nf6 5. Nxc6 bxc6 6. e3 Bd6 7. c4 O-O 8.
Qc2 Ne4 9. Nc3 Nxf2 10. Kxf2 Qh4+ 11. Kg1 f5 12. cxd5 f4 13. Ne4 f3 14. gxf3
Rxf3 15. Bg2 Rf7 16. Qc4 Bf5 17. Nxd6 Qxc4 18. Nxc4 cxd5 19. Bxd5 1-0

[Event "AUTO-ADV-3152"]
[Site "http://www.queenalice.com/game.php?id=1284507"]
[Date "2014.5.27"]
[Round "1"]
[White "Capixaba789"]
[Black "killer_of_Apatride2"]
[Result "0-1"]
[WhiteElo "1803"]
[BlackElo "1843"]

1. e4 d5 2. exd5 Qxd5 3. Nf3 Nf6 4. d4 Bg4 5. Nc3 Qf5 6. Be3 Bxf3 7. gxf3 e6 8.
Bd3 Qh5 9. Qe2 Bb4 10. Bd2 Nc6 11. d5 Nd4 12. Qe3 Nxf3+ 13. Kf1 Nxd5 0-1